000 02056nam0a2200409 i 4500
001 RU\NLR\BIBL_A\010004413
005 20260408084113.0
010 _a9785906157065
_9400
021 _aRU
_b2013-81188
_95607
035 _a(NILC)RuMoRGB-006678628
035 _a(NLR Aleph) 010004413
090 _a9816049
_c9816049
100 _a20131115d2013 k y0rusy50 ca
101 0 _arus
102 _aRU
105 _aa z 000yy
200 1 _aМониторинг взаимных инвестиций в странах СНГ- 2013
_f[чл.-кор. РАН, д.э.н. А. В. Кузнецов, к.и.н. Ю.Д. Квашнин, А.В. Гутник
_gлит. ред.: Л.О. Тамазова]
210 _aСанкт-Петербург
_cЕвразийский банк развития, Центр интеграционных исследований
_d2013
215 _a52 с.
_cцв. ил.
_d26
225 1 _aДоклад
_fЦентр интеграц. исслед., Евраз. банк развития
_v№ 15, 2013
300 _aАвт. указаны на обороте тит. л.
320 _aБиблиогр.: с. 50-51
606 1 _aИнвестиции капитала
_yСтраны СНГ
_92227274
_3RU\NLR\AUTH\661337020
675 _a339.727.2(47+57)
686 1 _aУ9(2)-56
701 1 _4070
_8rus
_7ca
_aКузнецов
_bА. В.
_cд-р экон. наук, мировая экономика
_f1978-
_gАлексей Владимирович
_3RU\NLR\auth\7740707
_923658
701 1 _aКвашнин
_bЮ. Д.
_gЮрий Дмитриевич
_4070
701 1 _aГутник
_bА. В.
_gАнна В
702 1 _aТамазова
_bЛ. О.
_4340
712 0 2 _4570
_aЦентр интеграционных исследований
_cСанкт-Петербург
_3RU\NLR\AUTH\8810225466
_9335468
801 0 _aRU
_bRuMoRKP
_c20131014
_gRCR
801 2 _aRU
_bРГБ
_c20131022
_grcr
801 1 _aRU
_bRuMoRKP
_c20131014
_2rusmarc
942 _cBOOK
980 _aNBR